| 000 -LEADER |
| fixed length control field |
00861nam a2200253Ia 4500 |
| 001 - CONTROL NUMBER |
| control field |
2879 |
| 003 - CONTROL NUMBER IDENTIFIER |
| control field |
GE_BSU |
| 008 - FIXED-LENGTH DATA ELEMENTS--GENERAL INFORMATION |
| fixed length control field |
181216s||||||||xx |||||||||||||| ||und|| |
| 020 ## - INTERNATIONAL STANDARD BOOK NUMBER |
| International Standard Book Number |
985610209х |
| 040 ## - CATALOGING SOURCE |
| Transcribing agency |
GE_BSU |
| 080 ## - UNIVERSAL DECIMAL CLASSIFICATION NUMBER |
| Universal Decimal Classification number |
338(100)(091) |
| 100 ## - MAIN ENTRY--PERSONAL NAME |
| Personal name |
Полетаева,Г.Н.И. Голубович , В.И. Пашкевич,Л.Ф. и др; |
| 245 ## - TITLE STATEMENT |
| Title |
Экономическая история зарубежных стран:курс пекций |
| 245 ## - TITLE STATEMENT |
| Statement of responsibility, etc. |
Под обш. ред. В. И.Голубовича |
| 260 ## - PUBLICATION, DISTRIBUTION, ETC. |
| Place of publication, distribution, etc. |
Минск |
| 260 ## - PUBLICATION, DISTRIBUTION, ETC. |
| Name of publisher, distributor, etc. |
Экоперспектива |
| 260 ## - PUBLICATION, DISTRIBUTION, ETC. |
| Date of publication, distribution, etc. |
1997 |
| 300 ## - PHYSICAL DESCRIPTION |
| Extent |
432 с. 20 с. |
| 653 ## - INDEX TERM--UNCONTROLLED |
| Uncontrolled term |
Экономика |
| 653 ## - INDEX TERM--UNCONTROLLED |
| Uncontrolled term |
Экономическая история зарубежных стран: |
| 653 ## - INDEX TERM--UNCONTROLLED |
| Uncontrolled term |
ეკონომიკა |
| 942 ## - ADDED ENTRY ELEMENTS (KOHA) |
| Koha item type |
წიგნი |